Statistiques concernant 15 principaux pays touchés par Covid-19 - 20 avril 2022

Cliquez ici pour prendre le quiz!

Statistiques générales

  • Ce quiz a été pris 33 fois
  • Le résultat moyen est 14 sur 29

Statistiques - réponses

pays% Correct
États-Unis
100%
France
100%
Espagne
97%
Royaume-Uni
97%
Italie
93%
Russie
90%
Allemagne
86%
Japon
86%
Brésil
76%
Inde
76%
Portugal
62%
Belgique
55%
Suisse
48%
Argentine
41%
Corée du Sud
41%
Turquie
41%
Autriche
34%
Pays-Bas
31%
Pays-Bas
31%
Danemark
24%
Israël
21%
Tchèquie
17%
Estonie
14%
Lettonie
14%
Lituanie
14%
Slovénie
10%
Viêt Nam
10%
Chypre
3%
Géorgie
0%

Distribution des résultats

Percentile par nombre de réponses

% des personnes avec chaque résultat

Votre développement - résultats

Vous n’avez pas pris ce quiz